书目信息 |
| 题名: |
倾听村上春树
|
|
| 作者: | 鲁宾 , Rubin 著 ;冯涛 译 | |
| 分册: | ||
| 出版信息: | 上海 上海译文出版社 2006 |
|
| 页数: | 345页 | |
| 开本: | 21cm | |
| 丛书名: | ||
| 单 册: | ||
| 中图分类: | I313.065 | |
| 科图分类: | ||
| 主题词: | ||
| 电子资源: | ||
| ISBN: | 7-5327-3938-4 | |
| 000 | 01076nam0 2200289 450 | |
| 001 | 012007508746 | |
| 005 | 20070516183912.89 | |
| 010 | @a7-5327-3938-4@dCNY24.00 | |
| 100 | @a20070512d2006 km y0chiy0120 ea | |
| 101 | 1 | @achi@ceng |
| 102 | @aCN@b310000 | |
| 105 | @ay z 000yy | |
| 106 | @ar | |
| 200 | 1 | @a倾听村上春树@Aqing ting cun shang chun shu@e村上春树的艺术世界@f(美)杰·鲁宾(Jay Rubin)著@F(mei)jie·lu bin(Jay Rubin)zhu@g冯涛译@Gfeng tao yi |
| 210 | @a上海@c上海译文出版社@d2006 | |
| 215 | @a345页@d21cm | |
| 330 | @a作者十分喜爱村上春树的作品,在本书中将带领读者一起分享在阅读和翻译村上作品时感受到的兴奋之情,分享村上艺术世界的无限风光。 | |
| 510 | 1 | @aHaruki murakami and the music of words@zeng |
| 517 | 1 | @a村上春树的艺术世界@Acun shang chun shu de yi shu shi jie |
| 600 | 0 | @a村上春树@f(1949~)@x文学评论 |
| 600 | 0 | @a村上春树@f(1949~) |
| 690 | @aI313.065@v4 | |
| 701 | 1 | @c(美)@a鲁宾@Alu bin@b杰@4著 |
| 701 | 1 | @c(美)@aRubin@bJay@4著 |
| 702 | 0 | @a冯涛@Afeng tao@c(翻译)@4译 |
| 801 | 0 | @aCN@bRULIN@c20070516 |
| 905 | @dI313.065@e234@s5 | |
| 倾听村上春树:村上春树的艺术世界/(美)杰·鲁宾(Jay Rubin)著/冯涛译.-上海:上海译文出版社,2006 |
| 345页;21cm |
| ISBN 7-5327-3938-4:CNY24.00 |
| 作者十分喜爱村上春树的作品,在本书中将带领读者一起分享在阅读和翻译村上作品时感受到的兴奋之情,分享村上艺术世界的无限风光。 |
| ● |
| 相关链接 |
|
|
|
|
正题名:倾听村上春树
索取号:I313.065/234
 
预约/预借
| 序号 | 登录号 | 条形码 | 馆藏地/架位号 | 状态 | 备注 |
| 1 | 0572670 | 205726703 | 第一样本阅览室/ [索取号:I313.065/234] | 在馆 | |
| 2 | 0572671 | 205726712 | 第二借阅区/ [索取号:I313.065/234] | 在馆 | |
| 3 | 0572672 | 205726721 | 第二借阅区/ [索取号:I313.065/234] | 在馆 | |
| 4 | 0572673 | 205726730 | 第二借阅区/ [索取号:I313.065/234] | 在馆 | |
| 5 | 0572674 | 205726749 | 第二借阅区/ [索取号:I313.065/234] | 在馆 |